MARC details
| 000 -LEADER |
| fixed length control field |
02042cam a22003975i 4500 |
| 001 - CONTROL NUMBER |
| control field |
18648519 |
| 003 - CONTROL NUMBER IDENTIFIER |
| control field |
EG-ScBUE |
| 005 - DATE AND TIME OF LATEST TRANSACTION |
| control field |
20200211144607.0 |
| 008 - FIXED-LENGTH DATA ELEMENTS--GENERAL INFORMATION |
| fixed length control field |
150608t20142014stka f b 001 0 eng d |
| 020 ## - INTERNATIONAL STANDARD BOOK NUMBER |
| International Standard Book Number |
9781474400428 |
| 020 ## - INTERNATIONAL STANDARD BOOK NUMBER |
| International Standard Book Number |
1474400426 |
| 035 ## - SYSTEM CONTROL NUMBER |
| System control number |
(OCoLC)ocn899734012 |
| 040 ## - CATALOGING SOURCE |
| Original cataloging agency |
EUX |
| Language of cataloging |
eng |
| Description conventions |
rda |
| Transcribing agency |
EUX |
| Modifying agency |
OCLCO |
| -- |
CDX |
| -- |
YDXCP |
| -- |
BDX |
| -- |
BTCTA |
| -- |
ZCU |
| -- |
VVC |
| -- |
UKMGB |
| -- |
DGU |
| -- |
DLC |
| -- |
EG-ScBUE |
| 082 04 - DEWEY DECIMAL CLASSIFICATION NUMBER |
| Classification number |
791.43655 |
| Item number |
CHA |
| Edition number |
22 |
| 100 1# - MAIN ENTRY--PERSONAL NAME |
| Personal name |
Chaudhuri, Shohini, |
| Relator term |
author. |
| 245 10 - TITLE STATEMENT |
| Title |
Cinema of the dark side : |
| Remainder of title |
atrocity and the ethics of film spectatorship / |
| Statement of responsibility, etc |
Shohini Chaudhuri. |
| 264 #1 - PUBLICATION, DISTRIBUTION, ETC. (IMPRINT) |
| Place of publication, distribution, etc |
Edinburgh : |
| Name of publisher, distributor, etc |
Edinburgh University Press, |
| Date of publication, distribution, etc |
[2014] |
| 264 #4 - PUBLICATION, DISTRIBUTION, ETC. (IMPRINT) |
| Date of publication, distribution, etc |
c2014 |
| 300 ## - PHYSICAL DESCRIPTION |
| Extent |
v, 202 pages : |
| Other physical details |
illustrations ; |
| Dimensions |
24 cm |
| 336 ## - CONTENT TYPE |
| Content type term |
text |
| Content type code |
txt |
| Source |
rdacontent |
| 337 ## - MEDIA TYPE |
| Media type term |
unmediated |
| Media type code |
n |
| Source |
rdamedia |
| 338 ## - CARRIER TYPE |
| Carrier type term |
volume |
| Carrier type code |
nc |
| Source |
rdacarrier |
| 504 ## - BIBLIOGRAPHY, ETC. NOTE |
| Bibliography, etc |
Includes bibliographical references and index. |
| 505 0# - FORMATTED CONTENTS NOTE |
| Formatted contents note |
Documenting the dark side : fictional and documentary treatments of torture and the 'war on terror' -- History lessons : what audiences (could) learn about genocide from historical drama -- The art of disappearance : remembering political violence in Argentina and Chile -- Uninvited visitors : immigration, detention and deportation in science fiction -- Architectures of enmity : the Israeli-Palestinian conflict through a cinematic lens. |
| 650 #0 - SUBJECT ADDED ENTRY--TOPICAL TERM |
| Topical term or geographic name as entry element |
Human rights in motion pictures. |
| 650 #7 - SUBJECT ADDED ENTRY--TOPICAL TERM |
| Topical term or geographic name as entry element |
Violence in motion pictures. |
| Source of heading or term |
BUEsh |
| 650 #7 - SUBJECT ADDED ENTRY--TOPICAL TERM |
| Topical term or geographic name as entry element |
Political violence in motion pictures. |
| Source of heading or term |
BUEsh |
| 650 #7 - SUBJECT ADDED ENTRY--TOPICAL TERM |
| Topical term or geographic name as entry element |
Motion pictures |
| General subdivision |
Moral and ethical aspects. |
| Source of heading or term |
BUEsh |
| 650 #7 - SUBJECT ADDED ENTRY--TOPICAL TERM |
| Topical term or geographic name as entry element |
Motion picture audiences. |
| Source of heading or term |
BUEsh |
| 653 ## - INDEX TERM--UNCONTROLLED |
| Resource For college |
Communication and mass media |
| Arrived date list |
February2020 |
| 856 42 - ELECTRONIC LOCATION AND ACCESS |
| Materials specified |
Contributor biographical information |
| Uniform Resource Identifier |
<a href="http://www.loc.gov/catdir/enhancements/fy1603/2015376267-b.html">http://www.loc.gov/catdir/enhancements/fy1603/2015376267-b.html</a> |
| 856 42 - ELECTRONIC LOCATION AND ACCESS |
| Materials specified |
Publisher description |
| Uniform Resource Identifier |
<a href="http://www.loc.gov/catdir/enhancements/fy1603/2015376267-d.html">http://www.loc.gov/catdir/enhancements/fy1603/2015376267-d.html</a> |
| 856 41 - ELECTRONIC LOCATION AND ACCESS |
| Materials specified |
Table of contents only |
| Uniform Resource Identifier |
<a href="http://www.loc.gov/catdir/enhancements/fy1603/2015376267-t.html">http://www.loc.gov/catdir/enhancements/fy1603/2015376267-t.html</a> |
| 942 ## - ADDED ENTRY ELEMENTS (KOHA) |
| Source of classification or shelving scheme |
Dewey Decimal Classification |
| Koha item type |
Book - Borrowing |